MLB Pitching Rotations - Statistics

General Stats
  • This quiz has been taken 16 times
  • The average score is 42 of 150
Answer Stats
No. Arizona Diamondbacks % Correct
New York Yankees 2 Gerrit Cole
73%
Detroit Tigers 4 Justin Verlander
73%
Arizona Diamondbacks 2 Zac Gallen
73%
Seattle Mariners 3 Byran Woo
64%
Atlanta Braves 1 Chris Sale
64%
Miami Marlins 2 Eury Perez
64%
New York Yankees 1 Max Fried
64%
Arizona Diamondbacks 1 Merrill Kelly
64%
Toronto Blue Jays 3 Shane Bieber
64%
Detroit Tigers 1 Tarik Skubal
64%
Philadelphia Phillies 4 Aaron Nola
55%
Los Angeles Dodgers 2 Blake Snell
55%
Philadelphia Phillies 2 Cristopher Sanchez
55%
Detroit Tigers 2 Framber Valdez
55%
Houston Astros 1 Hunter Brown
55%
Colorado Rockies 1 Kyle Freeland
55%
San Francisco Gaints 1 Logan Webb
55%
Pittsburgh Pirates 1 Paul Skenes
55%
San Francisco Gaints 2 Robbie Ray
55%
Miami Marlins 1 Sandy Alcantara
55%
Boston Red Sox 2 Sonny Gray
55%
Chicago White Sox 3 Davis Martin
45%
Toronto Blue Jays 2 Dylan Cease
45%
Arizona Diamondbacks 4 Eduardo Rodriguez
45%
New York Mets 1 Freddy Peralta
45%
Boston Red Sox 1 Garrett Crochet
45%
Cleveland Guardians 2 Gavin Williams
45%
Los Angeles Angels 4 Grayson Rodriguez
45%
Detroit Tigers 3 Jack Flaherty
45%
Texas Rangers 1 Jacob deGrom
45%
Milwaukee Brewers 2 Jacob Misiorowski
45%
Kansas City Royals 4 Kris Bubic
45%
Seattle Mariners 4 Luis Castillo
45%
Athletics 1 Luis Severino
45%
Toronto Blue Jays 5 Max Scherzer
45%
Tampa Bay Rays 5 Nick Martinez
45%
New York Yankees 5 Ryan Weathers
45%
Los Angeles Dodgers 3 Shohei Ohtani
45%
Chicago Cubs 1 Shota Imanaga
45%
Toronto Blue Jays 4 Trey Yesavage
45%
Los Angeles Dodgers 4 Tyler Glasnow
45%
Los Angeles Dodgers 1 Yoshinobu Yamamoto
45%
Philadelphia Phillies 1 Zach Wheeler
45%
Milwaukee Brewers 1 Brandon Woodruff
36%
New York Yankees 3 Carlos Rodon
36%
Detroit Tigers 5 Casey Mize
36%
New York Mets 3 Clay Holmes
36%
Kansas City Royals 1 Cole Ragans
36%
St Louis Cardinals 3 Dustin May
36%
Chicago Cubs 3 Edward Cabrera
36%
Seattle Mariners 2 George Kirby
36%
Atlanta Braves 4 Grant Holmes
36%
Athletics 3 Jacob Lopez
36%
Toronto Blue Jays 1 Kevin Gausman
36%
Milwaukee Brewers 5 Kyle Harrison
36%
Seattle Mariners 1 Logan Gilbert
36%
New York Mets 2 Nolan McLean
36%
Boston Red Sox 3 Ranger Suarez
36%
Atlanta Braves 3 Reynaldo Lopez
36%
Baltimore Orioles 3 Shane Baz
36%
San Francisco Gaints 3 Tyler Mahle
36%
Boston Red Sox 4 Brayan Bello
27%
Seattle Mariners 5 Bryce Miller
27%
Pittsburgh Pirates 3 Bubba Chandler
27%
Boston Red Sox 5 Connelly Early
27%
Texas Rangers 4 Jack Leiter
27%
Athletics 2 Jeffery Springs
27%
Philadelphia Phillies 3 Jesus Luzardo
27%
Minnesota Twins 1 Joe Ryan
27%
New York Mets 5 Kodai Senga
27%
Baltimore Orioles 2 Kyle Bradish
27%
Texas Rangers 3 MacKenzie Gore
27%
Chicago Cubs 2 Matthew Boyd
27%
San Diego Padres 2 Michael King
27%
Kansas City Royals 2 Michael Wacha
27%
Texas Rangers 2 Nathan Eovaldi
27%
Cleveland Guardians 4 Parker Messick
27%
Arizona Diamondbacks 3 Ryne Nelson
27%
Chicago White Sox 1 Sean Burke
27%
Tampa Bay Rays 3 Shane McClanahan
27%
Atlanta Braves 2 Spencer Strider
27%
Cleveland Guardians 1 Tanner Bibee
27%
Baltimore Orioles 1 Trevor Rogers
27%
Athletics 4 Aaron Civale
18%
San Francisco Gaints 4 Adrian Houser
18%
Cincinnati Reds 1 Andrew Abbott
18%
Philadelphia Phillies 5 Andrew Painter
18%
Pittsburgh Pirates 4 Braxton Ashcraft
18%
Milwaukee Brewers 4 Chad Patrick
18%
Cincinnati Reds 4 Chase Burns
18%
New York Mets 4 David Peterson
18%
Baltimore Orioles 5 Dean Kremer
18%
Tampa Bay Rays 1 Drew Rasmussen
18%
Washington Nationals 3 Foster Griffin
18%
Chicago Cubs 4 Jameson Taillon
18%
Miami Marlins 5 Janson Junk
18%
Colorado Rockies 3 Jose Quintana
18%
San Francisco Gaints 5 Landen Roupp
18%
St Louis Cardinals 1 Matthew Liberatore
18%
Houston Astros 3 Mike Burrows
18%
Pittsburgh Pirates 2 Mitch Keller
18%
Cincinnati Reds 2 Nick Lodolo
18%
Kansas City Royals 5 Noah Cameron
18%
Los Angeles Angels 3 Reid Detmers
18%
Tampa Bay Rays 2 Ryan Pepiot
18%
Kansas City Royals 3 Seth Lugo
18%
Colorado Rockies 4 Tomoyuki Sugano
18%
St Louis Cardinals 5 Andre Pallante
9%
Chicago White Sox 2 Anthony Kay
9%
Minnesota Twins 2 Bailey Ober
9%
Washington Nationals 1 Cade Cavalli
9%
New York Yankees 4 Cam Schlitter
9%
Pittsburgh Pirates 5 Carmen Mlodzinski
9%
Miami Marlins 4 Chris Paddack
9%
Chicago Cubs 5 Colin Rea
9%
Houston Astros 4 Cristian Javier
9%
Los Angeles Angels 5 Jack Kochanowicz
9%
San Diego Padres 3 Joe Musgrove
9%
Cleveland Guardians 3 Joey Cantillo
9%
Los Angeles Angels 1 Jose Soriano
9%
Athletics 5 JT Ginn
9%
St Louis Cardinals 4 Kyle Leahy
9%
Miami Marlins 3 Max Meyer
9%
Colorado Rockies 2 Michael Lorenzen
9%
Arizona Diamondbacks 5 Michael Soroka
9%
Minnesota Twins 5 Mick Abel
9%
Washington Nationals 4 Miles Mikolas
9%
San Diego Padres 1 Nick Pivetta
9%
Cleveland Guardians 5 Slade Cecconi
9%
Houston Astros 2 Tatsuya Imai
9%
Los Angeles Angels 2 Yusei Kikuchi
9%
Washington Nationals 2 Zack Littell
9%
Cincinnati Reds 3 Brady Singer
0%
Atlanta Braves 5 Bryce Elder
0%
Baltimore Orioles 4 Chris Bassitt
0%
Los Angeles Dodgers 5 Emmet Sheeham
0%
Chicago White Sox 4 Erick Fedde
0%
Washington Nationals 5 Jake Irvin
0%
Texas Rangers 5 Kumar Rocket
0%
Houston Astros 5 Lance McCullers Jr
0%
St Louis Cardinals 2 Michael McGreavy
0%
Chicago White Sox 5 Noah Schultz
0%
Milwaukee Brewers 3 Quinn Priester
0%
San Diego Padres 4 Randy Vasquez
0%
Cincinnati Reds 5 Rhett Lowder
0%
Colorado Rockies 5 Ryan Feltner
0%
Minnesota Twins 4 Simeon Woods Richardson
0%
Tampa Bay Rays 4 Steven Matz
0%
Minnesota Twins 3 Taj Bradley
0%
San Diego Padres 5 Walker Buehler
0%
No matching quizzes found
Score Distribution
Percent of People with Each Score
Percentile by Number Answered
Your Score History
You have not taken this quiz